<?xml version="1.0" encoding="UTF-8"?>
<record
    xmlns:xsi="http://www.w3.org/2001/XMLSchema-instance"
    xsi:schemaLocation="http://www.loc.gov/MARC21/slim http://www.loc.gov/standards/marcxml/schema/MARC21slim.xsd"
    xmlns="http://www.loc.gov/MARC21/slim">

  <leader>00926nam a2200217 a 4500</leader>
  <controlfield tag="001"> 81052</controlfield>
  <controlfield tag="003">BD-RjUL</controlfield>
  <controlfield tag="005">20230112111117.0</controlfield>
  <controlfield tag="008">230112s19511371ua            000 0 ara d</controlfield>
  <datafield tag="035" ind1=" " ind2=" ">
    <subfield code="a">(BD-RjUL) 81052</subfield>
  </datafield>
  <datafield tag="040" ind1=" " ind2=" ">
    <subfield code="a">NNL</subfield>
    <subfield code="b">ara</subfield>
    <subfield code="c">BD-RjUL</subfield>
  </datafield>
  <datafield tag="041" ind1=" " ind2=" ">
    <subfield code="a">ara</subfield>
  </datafield>
  <datafield tag="082" ind1=" " ind2=" ">
    <subfield code="2">23</subfield>
    <subfield code="a">297.265</subfield>
    <subfield code="b">GOQ 1951</subfield>
  </datafield>
  <datafield tag="100" ind1="1" ind2=" ">
    <subfield code="a">&#x62C;&#x648;&#x647;&#x631;&#x64A;&#x60C; &#x637;&#x646;&#x637;&#x627;&#x648;&#x64A;&#x60C;Gohary, Tantawi,</subfield>
    <subfield code="d">1862-1940</subfield>
    <subfield code="9">6534</subfield>
  </datafield>
  <datafield tag="245" ind1="1" ind2="4">
    <subfield code="a">&#x627;&#x644;&#x642;&#x631;&#x622;&#x646; &#x648;&#x627;&#x644;&#x639;&#x644;&#x648;&#x645; &#x627;&#x644;&#x639;&#x635;&#x631;&#x64A;&#x629; :alquran waleulum aleasriat :</subfield>
    <subfield code="b">&#x62E;&#x637;&#x627;&#x628; &#x627;&#x644;&#x649; &#x62C;&#x645;&#x64A;&#x639; &#x627;&#x644;&#x645;&#x633;&#x644;&#x645;&#x64A;&#x646; &#x623;&#x646; &#x627;&#x644;&#x635;&#x646;&#x627;&#x639;&#x627;&#x62A; &#x648;&#x627;&#x644;&#x639;&#x644;&#x648;&#x645; &#x64A;&#x623;&#x645;&#x631; &#x628;&#x647;&#x627; &#x627;&#x644;&#x642;&#x631;&#x622;&#x646;... /khitab alaa jamie almuslimin 'ana alsinaeat waleulum yamur biha alquranu../</subfield>
    <subfield code="c"> &#x637;&#x646;&#x637;&#x627;&#x648;&#x649; &#x62C;&#x648;&#x647;&#x631;&#x649;. tantawaa juhuraa.</subfield>
  </datafield>
  <datafield tag="250" ind1=" " ind2=" ">
    <subfield code="a">&#x637;&#x628;&#x639;&#x629; &#x62B;&#x627;&#x644;&#x62B;&#x629;</subfield>
  </datafield>
  <datafield tag="260" ind1=" " ind2=" ">
    <subfield code="a">&#x645;&#x635;&#x631; :</subfield>
    <subfield code="b">&#x639;. &#x627;&#x644;&#x628;&#x627;&#x628;&#x649; &#x627;&#x644;&#x62D;&#x644;&#x628;&#x649; &#x648;&#x634;&#x631;&#x643;&#x627;&#x647;&#x60C;</subfield>
    <subfield code="c">&#x661;&#x663;&#x664;&#x664;&#x647;&#x62C; &#x661;&#x669;&#x662;&#x666;&#x645;.</subfield>
  </datafield>
  <datafield tag="300" ind1=" " ind2=" ">
    <subfield code="a">88 p. ;</subfield>
    <subfield code="c">22 cm</subfield>
  </datafield>
  <datafield tag="650" ind1=" " ind2=" ">
    <subfield code="a">Quran &amp; Science</subfield>
    <subfield code="9">6535</subfield>
  </datafield>
  <datafield tag="942" ind1=" " ind2=" ">
    <subfield code="2">ddc</subfield>
    <subfield code="c">BK</subfield>
  </datafield>
  <datafield tag="999" ind1=" " ind2=" ">
    <subfield code="c">81052</subfield>
    <subfield code="d">81052</subfield>
  </datafield>
  <datafield tag="952" ind1=" " ind2=" ">
    <subfield code="0">0</subfield>
    <subfield code="1">0</subfield>
    <subfield code="2">ddc</subfield>
    <subfield code="4">0</subfield>
    <subfield code="7">1</subfield>
    <subfield code="8">NFIC</subfield>
    <subfield code="a">RUCL</subfield>
    <subfield code="b">RUCL</subfield>
    <subfield code="c">Reading</subfield>
    <subfield code="d">1969-05-05</subfield>
    <subfield code="e">maktabat i ishaqiah</subfield>
    <subfield code="g">2.00</subfield>
    <subfield code="l">0</subfield>
    <subfield code="o">A 297.265 GOQ 1951</subfield>
    <subfield code="r">2023-01-12 00:00:00</subfield>
    <subfield code="t">C-1</subfield>
    <subfield code="w">2023-01-12</subfield>
    <subfield code="y">BK</subfield>
  </datafield>
  <datafield tag="952" ind1=" " ind2=" ">
    <subfield code="0">0</subfield>
    <subfield code="1">0</subfield>
    <subfield code="2">ddc</subfield>
    <subfield code="4">0</subfield>
    <subfield code="7">0</subfield>
    <subfield code="8">NFIC</subfield>
    <subfield code="a">RUCL</subfield>
    <subfield code="b">RUCL</subfield>
    <subfield code="c">GEN</subfield>
    <subfield code="d">1969-05-05</subfield>
    <subfield code="e">maktabat i ishaqiah</subfield>
    <subfield code="g">2.00</subfield>
    <subfield code="o">A 297.265 GOQ 1951</subfield>
    <subfield code="r">2023-01-12 00:00:00</subfield>
    <subfield code="t">C-2</subfield>
    <subfield code="y">BK</subfield>
  </datafield>
  <datafield tag="952" ind1=" " ind2=" ">
    <subfield code="0">0</subfield>
    <subfield code="1">0</subfield>
    <subfield code="2">ddc</subfield>
    <subfield code="4">0</subfield>
    <subfield code="7">0</subfield>
    <subfield code="8">NFIC</subfield>
    <subfield code="a">RUCL</subfield>
    <subfield code="b">RUCL</subfield>
    <subfield code="c">GEN</subfield>
    <subfield code="d">1969-05-05</subfield>
    <subfield code="e">maktabat i ishaqiah</subfield>
    <subfield code="g">2.00</subfield>
    <subfield code="o">A 297.265 GOQ 1951</subfield>
    <subfield code="r">2023-01-12 00:00:00</subfield>
    <subfield code="t">C-3</subfield>
    <subfield code="y">BK</subfield>
  </datafield>
  <datafield tag="952" ind1=" " ind2=" ">
    <subfield code="0">0</subfield>
    <subfield code="1">0</subfield>
    <subfield code="2">ddc</subfield>
    <subfield code="4">0</subfield>
    <subfield code="7">0</subfield>
    <subfield code="8">NFIC</subfield>
    <subfield code="a">RUCL</subfield>
    <subfield code="b">RUCL</subfield>
    <subfield code="c">GEN</subfield>
    <subfield code="d">1969-05-05</subfield>
    <subfield code="e">maktabat i ishaqiah</subfield>
    <subfield code="g">2.00</subfield>
    <subfield code="o">A 297.265 GOQ 1951</subfield>
    <subfield code="r">2023-01-12 00:00:00</subfield>
    <subfield code="t">C-4</subfield>
    <subfield code="y">BK</subfield>
  </datafield>
</record>
